Introduction to scientific programming : (Include Floppy Disk) (Record no. 188711)

000 -LEADER
fixed length control field 01474 a2200253 4500
003 - CONTROL NUMBER IDENTIFIER
control field Nust
005 - DATE AND TIME OF LATEST TRANSACTION
control field 20220728144222.0
010 ## - LIBRARY OF CONGRESS CONTROL NUMBER
LC control number 96009378
020 ## - INTERNATIONAL STANDARD BOOK NUMBER
International Standard Book Number 0387946306 (New York : acid-free paper)
040 ## - CATALOGING SOURCE
Transcribing agency Nust
082 00 - DEWEY DECIMAL CLASSIFICATION NUMBER
Classification number 510.1135,ZAC
100 1# - MAIN ENTRY--PERSONAL NAME
Personal name Zachary, Joseph L.
9 (RLIN) 95658
245 10 - TITLE STATEMENT
Title Introduction to scientific programming : (Include Floppy Disk)
Remainder of title computational problem solving using Maple and C /
Statement of responsibility, etc. Joseph L. Zachary.
246 30 - VARYING FORM OF TITLE
Title proper/short title Scientific programming
260 ## - PUBLICATION, DISTRIBUTION, ETC.
Place of publication, distribution, etc. New York :
Name of publisher, distributor, etc. TELOS,
Date of publication, distribution, etc. c1996.
300 ## - PHYSICAL DESCRIPTION
Extent xxiv, 380 p. :
Other physical details ill. ;
Dimensions 24 cm. +
Accompanying material 1 computer disk (3 1/2 in.)
505 ## - FORMATTED CONTENTS NOTE
Formatted contents note Computational Science (Page-1), Computational (Page-11), Significant Digits (Page-29), Accumulation (Page-45), Programmer defined (Page-63), Symbolic Computation (Page-77), Scientific (Page-95), Symbolic (Page-117), Straight-line (Page-177), Conditionals (Page-199), Designing With (Page-219), Repetition (Page-239), Multiple File (Page-261), Structures (Page-289), Arrays (Page-313), Arrays (Page-337), Procedural (Page-137), Introduction To C (Page-161), A Maple Functions And Constants (Page-361).
650 #0 - SUBJECT ADDED ENTRY--TOPICAL TERM
Topical term or geographic name entry element C (Computer program language)
9 (RLIN) 1226
650 #0 - SUBJECT ADDED ENTRY--TOPICAL TERM
Topical term or geographic name entry element Computer programming.
651 ## - SUBJECT ADDED ENTRY--GEOGRAPHIC NAME
Geographic name (Include Floppy Disk)
9 (RLIN) 93875
856 42 - ELECTRONIC LOCATION AND ACCESS
Materials specified Publisher description
Uniform Resource Identifier <a href="http://www.loc.gov/catdir/enhancements/fy0812/96009378-d.html">http://www.loc.gov/catdir/enhancements/fy0812/96009378-d.html</a>
856 42 - ELECTRONIC LOCATION AND ACCESS
Materials specified Table of contents only
Uniform Resource Identifier <a href="http://www.loc.gov/catdir/enhancements/fy0812/96009378-t.html">http://www.loc.gov/catdir/enhancements/fy0812/96009378-t.html</a>
942 ## - ADDED ENTRY ELEMENTS (KOHA)
Koha item type Reference
Source of classification or shelving scheme
Holdings
Withdrawn status Lost status Source of classification or shelving scheme Damaged status Not for loan Permanent Location Current Location Shelving location Date acquired Full call number Barcode Date last seen Price effective from Koha item type Public note
          Military College of Signals (MCS) Military College of Signals (MCS) Reference 12/12/2016 510.1135,ZAC MCS32798 12/08/2016 12/12/2016 Reference Almirah No.19, Shelf No.2
© 2023 Central Library, National University of Sciences and Technology. All Rights Reserved.